بين الأدب والصحافة

محفوظ في:

المؤلف الرئيسي: فاروق خورشيد.

التنسيق: كتاب

اللغة: Undetermined

منشور في: Cairo : aldaar almisria , 1961.

الوسوم: إضافة وسم

لا توجد وسوم, كن أول من يضع وسما على هذه التسجيلة!

رقم الطلب: PJ8208 .K5

LEADER 00353nam a2200121Ia 4500
008 240329s9999||||xx |||||||||||||| ||und||
050 4 |a PJ8208 .K5 
100 1 |a فاروق خورشيد. 
245 1 0 |a بين الأدب والصحافة  |c فاروق خورشيد 
264 1 |a Cairo :  |b aldaar almisria ,  |c 1961. 
300 |a 158  |c 20 CM 
942 |2 lcc  |c BK 
999 |c 57680  |d 57680